Word Ladder: Books by Women Quiz Stats

 Plays Quiz Updated Jun 26, 2018

Challenge
Share
Tweet
Embed
Score 0/40 Timer 05:00
1 Play Today
Clue 4-Letter Word % Correct
❀ Charlotte Brontë ❀ ❀JANE❀
98.6%
❀ Charlotte Brontë ❀ LANE
96.5%
❀ Charlotte Brontë ❀ LAME
96.5%
❀ Edna Ferber ❀CHOP
96.1%
❀ Gillian Flynn ❀ POLE
96.1%
❀ Gillian Flynn ❀ PILL
95.9%
❀ Edna Ferber ❀CHAT
95.8%
❀ Joy Adamson ❀ ❀BORN❀
95.8%
❀ Gillian Flynn ❀ GILL
95.7%
❀ Gillian Flynn ❀ POLL
95.6%
❀ Joy Adamson ❀ ❀FREE❀
95.6%
❀ Joy Adamson ❀ CORN
95.5%
❀ Joy Adamson ❀ THEN
95.5%
❀ Gillian Flynn ❀ DONE
95.3%
❀ Edna Ferber ❀❀BOAT❀
95.3%
❀ Edna Ferber ❀SHOP
95.1%
❀ Joy Adamson ❀ COIN
95%
❀ Joy Adamson ❀ TREE
94.9%
❀ Joy Adamson ❀ THIN
94.8%
❀ Edna Ferber ❀CHAP
94.8%
Clue 4-Letter Word % Correct
❀ Gillian Flynn ❀ DOLE
94.7%
❀ Joy Adamson ❀ THEE
94.4%
❀ Joy Adamson ❀ CHIN
94.4%
❀ Edna Ferber ❀COAT
94.2%
❀ Gillian Flynn ❀ ❀GONE❀
93.6%
❀ Gillian Flynn ❀ ❀GIRL❀
93.4%
❀ George Eliot ❀ BEEN
92.2%
❀ Charlotte Brontë ❀ LYME
91.6%
❀ George Eliot ❀ SEEN
86.1%
❀ Charlotte Brontë ❀ LYRE
86%
❀ George Eliot ❀ SEAM
78.8%
❀ George Eliot ❀ SEEM
77.2%
❀ Edna Ferber ❀❀SHOW❀
77.1%
❀ George Eliot ❀ EDAM
70.1%
❀ Charlotte Brontë ❀ ❀EYRE❀
65.7%
❀ George Eliot ❀ ❀ADAM❀
60%
❀ George Eliot ❀ SLAM
54.2%
❀ George Eliot ❀ ELAM
48.6%
❀ George Eliot ❀ ❀BEDE❀
37.4%
❀ George Eliot ❀ BEEE
36.2%

Today's Daily Dose

Missing Word
'F' Pairs

Word Ladder
Mixed Synonyms

On This Day
August 15th II

You're not logged in!

Compare scores with friends on all Sporcle quizzes.
Join for Free
OR
Log In

You Might Also Like...

Show Comments

Extras

Top Quizzes Today


Score Distribution

Your Account Isn't Verified!

In order to create a playlist on Sporcle, you need to verify the email address you used during registration. Go to your Sporcle Settings to finish the process.

Report this User

Report this user for behavior that violates our Community Guidelines.

Details: